Geografías 2
En un intenso viaje a través de todo el territorio argentino, "Geografías" deja al descubierto las diversas problemáticas de algunas de sus regiones. Este ciclo expone las diferentes características del suelo, el clima, la economía y los habitantes de cada región. Al enfrentarnos a la cont...
Guardado en:
| Autor Principal: | |
|---|---|
| Autores Corporativos: | , |
| Otros Autores: | , , , , , |
| Formato: | |
| Idioma: | Undetermined |
| Publicado: |
Buenos Aires :
Canal Encuentro,
2009.
|
| Series: | Parte 1
|
| Materias: | |
| Acceso en línea: | http://encuentro.gob.ar/programas/serie/8005/54 |
| Etiquetas: |
Agregar Etiqueta
Sin Etiquetas, Sea el primero en etiquetar este registro!
|
| LEADER | 02684ngm a22004695a 4500 | ||
|---|---|---|---|
| 001 | CEM.cems019108 | ||
| 008 | 220829s2009####ag#---############vlund#d | ||
| 005 | 20220922190109.0 | ||
| 245 | 1 | 0 | |a Geografías 2 |h [videograbación] / |c Lisandro Costa, Martín Subirá. |
| 260 | |a Buenos Aires : |b Canal Encuentro, |c 2009. | ||
| 300 | |a 15'. | ||
| 490 | 1 | |a Parte 1 | |
| 520 | |a En un intenso viaje a través de todo el territorio argentino, "Geografías" deja al descubierto las diversas problemáticas de algunas de sus regiones. Este ciclo expone las diferentes características del suelo, el clima, la economía y los habitantes de cada región. Al enfrentarnos a la contaminación ambiental, las inclemencias del clima y el impacto de la tecnología en las actividades económicas, vemos cómo las distintas poblaciones se enfrentan a estos factores que amenazan la riqueza natural del suelo argentino. | ||
| 505 | 0 | |a 01. Estilos arquitectónicos I -- 02. Estilos arquitectónicos parte II -- 03. La ciudad para el turismo internacional -- 04. Contaminación hídrica -- 05. Villas -- 06. El mosaico del borde urbano -- 07. La no planificación costera -- 08. Crecimiento urbano conflictivo -- 09. Petróleo e impacto ambiental -- 10. La pesca y la ciudad -- 11. Barreal un oasis en la pre cordillera -- 12. La vida en un pueblo patagónico -- 13. Merlo y el microclima -- 14. Bariloche turístico -- 15. Bariloche conflictivo -- Duración aproximada por capítulo 15 minutos. Duración total aproximada: 3 horas 45 minutos | |
| 538 | |a Soporte: DVD -- Formato: AVI -- Peso:2.65gb -- Resolución: 720x540 -- 25fps | ||
| 590 | |a Identificación anterior: D 58 B1 -- Error de reproducción en PC | ||
| 100 | 1 | |a Costa, Lisandro. | |
| 700 | 1 | |a Subirá, Martin; Realización. | |
| 710 | 2 | |a Canal Encuentro. | |
| 710 | 2 | |a Nativa contenidos. | |
| 700 | 1 | |a Castellano, Karina; Producción general. | |
| 700 | 1 | |a Roca, Helen; Producción general. | |
| 700 | 1 | |a Castellano, César; Producción general. | |
| 700 | 1 | |a Sans, Rodrigo; Producción ejecutiva. | |
| 700 | 1 | |a Fernández, Nancy; Jefa de producción. | |
| 653 | |a GEOGRAFÍA | ||
| 653 | |a ARGENTINA | ||
| 653 | |a ESTILOS ARQUITECTÓNICOS | ||
| 653 | |a CONTAMINACIÓN HÍDRICA | ||
| 653 | |a VILLAS | ||
| 653 | |a PLANIFICACIÓN COSTERA | ||
| 653 | |a CRECIMIENTO URBANO | ||
| 653 | |a PETRÓLEO | ||
| 653 | |a IMPACTO AMBIENTAL | ||
| 653 | |a PESCA | ||
| 653 | |a BARREAL | ||
| 653 | |a PRECORDILLERA | ||
| 653 | |a PATAGONIA | ||
| 653 | |a MERLO | ||
| 653 | |a BARILOCHE | ||
| 856 | |u http://encuentro.gob.ar/programas/serie/8005/54 | ||
| 859 | |a CEMS |b BIB. CEMS - Depto. Recursos Didacticos |h 982 |i COS |k DRD |p 2877.22 |t Ej.1 |v 1 | ||
